000 00298nam a2200121Ia 4500
005 20251222141944.0
008 251222s9999||||xx |||||||||||||| ||spa||
020 _a978-9972-2970-1-4
082 _a338.985/O77/2006
245 0 _aDiagnóstico para el Desarrollo 2006:
264 _bOSEL
942 _cLIB
999 _c9464
_d9464